00517nam a22001337a 4500008004100000020001800041050002000059100001900079245015200098250001100250260004000261300006500301650001700366161108b xxu||||| |||| 00| 0 eng d a9780721674841 aRT 41 .L87 1997 aLuckmannd1997 aMedical-Surgical Nursing Clinical Management For Continuity of CarecJoyce M.Black, M.S.N.,R.N.,C.P.S.N., Esther Matassarin-Jacobs PhD.,R.N.,O.C.N. a5th ed aLondonbW.B. Saunders Componyc1997 axliv,2604p;bincludes bibliographical references and indexes 2Nursing care